000 00763nam a22002177a 4500
003 OSt
005 20231016150618.0
008 230726b |||||||| |||| 00| 0 eng d
020 _a9780323476713 (paperback)
040 _cNUST
_aNUST
_beng
_dNUST
_erda
050 _aRC683.5.C25 INT
245 _aThe Interventional cardiac catheterization handbook/
_cedited by Morton J. Kern, paul Sorajja and Michael J. Lim.
250 _aFourth Edition
260 _aPhiladelphia:
_bElsevier;
_c©2018.
300 _axvi, 512 pages:
_bIllustrations;
_c26cm.
336 _2rdacontent
_atext
_btxt
337 _2rdamedia
_aunmediated
_bn
338 _2rdamedia
_avolume
_bnc
504 _aIncludes index.
942 _2lcc
_cBOOKS
_hLCC RC683.5.C25
_mMOR
_n0
999 _c170463
_d170463